LEADER 01713nam1 22003853i 450 001 CAG0899127 005 20170908093258.0 010 $a8886490054 100 $a20100422d1994 ||||0itac50 ba 101 | $aita 102 $ait 181 1$6z01$ai $bxxxe 182 1$6z01$an 200 1 $aC'era una volta ...$egioco di ruolo per bambini e non solo$f[testo] 210 $aRoma$cCarte Segrete$dc1994 215 $a93 p.$cill.$d29 cm$e1 c. (ill. ; 28x42 cm). 225 | $a˜La œcollana di perline$v1 410 0$1001CAG0899136$12001 $a˜La œcollana di perline$v1 463 1$1001NAP0488143$12001 $aC'ERA UNA VOLTA../ Gioco di ruolo per bambini e non solo/ Francesco Lutrario 606 $aSTORIE E RACCONTI ILLUSTRATI$2FIR$3UBOC044343$9I 606 $aGiochi educativi$2FIR$3NAPC058848$9I 676 $a741.642$9$v21 700 1$aLutrario$b, Francesco$3MUSV073715$4070$0744829 702 1$aDell'Otto$b, Gabriele$3RAVV099103 801 3$aIT$bIT-NA0079$c20100422 850 $aIT-NA0525$aIT-NA0299$aIT-NA0298$aIT-NA0695 912 $aCAG0899127 950 1$aBiblioteca comunale di Afragola$d AGIII Q.1.131$e AG 0000135615 $fB $h20151112$i20151112 950 1$aBiblioteca comunale Salvatore Boccia Montefusco$c1 v.$d PGSEZ. RAG 808 LUT cer$e PG 0000030805 B 1 v.$fD $h20141007$i20141007 950 1$aBiblioteca del Centro di Cultura Acerra Nostra$d 56BIBLIOTECA808.06 C EUV 950 1$aBiblioteca comunale Gaetano Caporale$d GCBIBLIOTECA808.8R C EUV 967 $m1 977 $a 56$a AG$a GC$a PG 996 $aC'era una volta ..$91484349 997 $aUNISANNIO LEADER 02614nam 2200505 450 001 9910164928903321 005 20170320123018.0 010 $a0-19-106253-7 010 $a0-19-180704-4 010 $a0-19-106252-9 035 $a(CKB)3710000001064443 035 $a(MiAaPQ)EBC4806726 035 $a(StDuBDS)EDZ0001639690 035 $a(PPN)231244916 035 $a(EXLCZ)993710000001064443 100 $a20170303h20172017 uy 0 101 0 $aeng 135 $aurcnu|||||||| 181 $2rdacontent 182 $2rdamedia 183 $2rdacarrier 200 10$aInvasion dynamics /$fChang Hui and David M. Richardson 205 $aFirst edition. 210 1$aOxford :$cOxford University Press,$d2017. 215 $a1 online resource (337 pages, 4 unnumbered pages of plates) $cillustrations, maps 300 $aThis edition previously issued in print: 2017. 311 $a0-19-874534-6 311 $a0-19-874533-8 320 $aIncludes bibliographical references at the end of each chapters and indexes. 327 $aSetting the scene -- Part I. Spread. The dynamics of spread -- Modelling spatial dynamics -- From dispersal to boosted range expansion -- Non-equilibrium dynamics -- Part II. Impact. Biotic interactions -- Regime shifts -- Community assembly and succession -- Monitoring and management -- Part III. Synthesis. Complex adaptive networks -- Managing biological invasions in the Anthropocene. 330 8 $aHumans have moved organisms around the world for centuries but it is only relatively recently that invasion ecology has grown into a mainstream research field. This text examines both the spread and impact dynamics of invasive species, placing the science of invasion biology on a new, more rigorous, theoretical footing, and proposing a concept of adaptive networks as the foundation for future research. Biological invasions are considered not as simple actions of invaders and reactions of invaded ecosystems, but as co-evolving complex adaptive systems with emergent features of network complexity and invasibility. 'Invasion Dynamics' focuses on the ecology of invasive species and their impacts in recipient social-ecological systems. 606 $aBiological invasions 606 $aIntroduced organisms 615 0$aBiological invasions. 615 0$aIntroduced organisms. 676 $a577.18 700 $aHui$b Cang$01062084 702 $aRichardson$b David M. 801 0$bMiAaPQ 801 1$bMiAaPQ 801 2$bMiAaPQ 906 $aBOOK 912 $a9910164928903321 996 $aInvasion dynamics$92730064 997 $aUNINA LEADER 01761oam 2200505 a 450 001 9910702452003321 005 20130117160501.0 035 $a(CKB)5470000002427649 035 $a(OCoLC)703646099 035 $a(EXLCZ)995470000002427649 100 $a20110225d2000 ua 0 101 0 $aeng 135 $aurbn||||||||| 181 $ctxt$2rdacontent 182 $cc$2rdamedia 183 $acr$2rdacarrier 200 12$aA comparison of quasi-static indentation to low-velocity impact$b[electronic resource] /$fA. T. Nettles, M. J. Douglas 210 1$a[Marshall Space Flight Center, AL] :$cNational Aeronautics and Space Administration, Marshall Space Flight Center,$d[2000] 215 $a1 online resource (x, 83 pages) $cillustrations 225 1 $a[NASA technical paper] ;$vNASA TP-2000-210481 300 $aTitle from title screen (viewed on Jan. 17, 2013). 300 $a"August 2000." 320 $aIncludes bibliographical references (pages 82-83). 606 $aLow speed$2nasat 606 $aComposite materials$2nasat 606 $aImpact tests$2nasat 606 $aIndentation$2nasat 606 $aStatic tests$2nasat 606 $aMechanical properties$2nasat 615 7$aLow speed. 615 7$aComposite materials. 615 7$aImpact tests. 615 7$aIndentation. 615 7$aStatic tests. 615 7$aMechanical properties. 700 $aNettles$b A. T$g(Alan T.)$01389578 701 $aDouglas$b M. J$g(Michael J.)$01396826 712 02$aGeorge C. Marshall Space Flight Center. 801 0$bSSM 801 1$bSSM 801 2$bGPO 906 $aBOOK 912 $a9910702452003321 996 $aA comparison of quasi-static indentation to low-velocity impact$93457613 997 $aUNINA